[Event "Challenge"]
[Site "http://www.queenalice.com/game.php?id=1866616"]
[Date "2025.12.6"]
[Round "-"]
[White "Leanne"]
[Black "ajr"]
[Result "0-1"]
[WhiteElo "1370"]
[BlackElo "1699"]

1. d4 d5 2. c4 dxc4 3. e3 b5 4. Nf3 Nf6 5. Nc3 a6 6. Be2 Bg4 7. O-O e6 8. b3
cxb3 9. axb3 h6 10. Ne5 Bxe2 11. Qxe2 Bd6 12. Ng4 Nxg4 13. Qxg4 Qg5 14. Qf3 Ra7
15. h3 O-O 16. e4 Qf6 17. Qd3 Bb4 18. Bb2 Bxc3 19. Bxc3 Rd8 20. d5 e5 21. Qe3
Rb7 22. f4 Qb6 23. Rae1 Qxe3+ 24. Rxe3 Nd7 25. fxe5 Nc5 26. e6 fxe6 27. dxe6
Nxe6 28. Rg3 c6 29. Bxg7 Nxg7 30. Rgf3 Rbb8 31. e5 Rd5 32. Rf6 Rxe5 33. Rxh6 Rf8
34. Rhf6 Rxf6 35. Rxf6 Ne6 36. h4 Kg7 37. Rf3 c5 38. g4 Nd4 39. Rd3 Re4 40. Rg3
Ne2+ 0-1

[Event "Challenge"]
[Site "http://www.queenalice.com/game.php?id=1866617"]
[Date "2025.12.6"]
[Round "-"]
[White "ajr"]
[Black "Leanne"]
[Result "1-0"]
[WhiteElo "1696"]
[BlackElo "1373"]

1. d4 d5 2. h3 Nf6 3. Nc3 e6 4. a3 Be7 5. Bg5 c5 6. e3 O-O 7. Nf3 Nc6 8. Bb5 Bd7
9. O-O cxd4 10. Nxd4 Nxd4 11. Bxd7 Qxd7 12. exd4 h6 13. Bxf6 Bxf6 14. Re1 Rae8
15. Qg4 Qc6 16. a4 e5 17. dxe5 Bxe5 18. Qf3 Qe6 19. Qxd5 Qxd5 20. Nxd5 Bxb2 21.
Rab1 Re5 22. Rxe5 Bxe5 23. Rxb7 Bd4 24. c3 Bc5 25. Ne7+ Kh7 26. Nc6 f5 27. Nxa7
f4 28. Kf1 h5 29. f3 Ra8 30. Nc6 Rxa4 31. Rb5 Ra1+ 32. Ke2 Be3 33. Rxh5+ Kg6 34.
Ra5 Rg1 35. Ne5+ Kh7 36. Ng4 Rxg2+ 37. Kd3 Kg6 38. Re5 Rg3 39. Nxe3 Rxh3 40. c4
Rxf3 41. c5 fxe3 42. Rxe3 Rf5 43. Kd4 1-0